Principles and practices of information security (Record no. 141959)

MARC details
000 -LEADER
fixed length control field 00387nam a2200145Ia 4500
008 - FIXED-LENGTH DATA ELEMENTS--GENERAL INFORMATION
fixed length control field 230917s9999||||xx |||||||||||||| ||und||
040 ## - CATALOGING SOURCE
-- 157509
Original cataloging agency VIVEKANANDA LIBRARY
041 ## - Language
-- English
082 ## - DDC NUMBER
Classification number 005.8 W593P
100 ## - MAIN ENTRY--PERSONAL NAME
Personal name Whitman, Michael
245 #0 - TITLE STATEMENT
Title Principles and practices of information security
260 ## - PUBLICATION, DISTRIBUTION, ETC. (IMPRINT)
Place of publication, distribution, etc New Delhi
Name of publisher, distributor, etc Cengage Learning India
Date of publication, distribution, etc 2009
300 ## - PHYSICAL DESCRIPTION
Pages 444 p.
942 ## - ADDED ENTRY ELEMENTS (KOHA)
Koha item type Books
Holdings
Withdrawn status Lost status Damaged status Not for loan Location (home branch) Sublocation or collection (holding branch) Shelving location Date acquired Koha issues (times borrowed) Koha full call number Accession No. Koha date last seen Koha item type
        VIVEKANANDA LIBRARY VIVEKANANDA LIBRARY UIET Library 28/06/2010   005.8 W593P 249849 17/09/2023 Books
        VIVEKANANDA LIBRARY VIVEKANANDA LIBRARY UIET Library 28/06/2010 1 005.8 W593P 249850 28/11/2024 Books
        VIVEKANANDA LIBRARY VIVEKANANDA LIBRARY UIET Library 28/06/2010   005.8 W593P 286430 17/09/2023 Books
        VIVEKANANDA LIBRARY VIVEKANANDA LIBRARY UIET Library 28/06/2010   005.8 W593P 286431 17/09/2023 Books
        VIVEKANANDA LIBRARY VIVEKANANDA LIBRARY UIET Library 28/06/2010   005.8 W593P 286432 17/09/2023 Books
        VIVEKANANDA LIBRARY VIVEKANANDA LIBRARY UIET Library 28/06/2010   005.8 W593P 286433 17/09/2023 Books
        VIVEKANANDA LIBRARY VIVEKANANDA LIBRARY UIET Library 28/06/2010   005.8 W593P 286434 17/09/2023 Books
© Designed and Maintained by Vivekananda Library, MDU Rohtak